Les résultats des match du psg en ldc en 2015-2016 - Statistiques

Statistiques générales
  • Ce quiz a été pris 96 fois
  • Le résultat moyen est 8 sur 10
Statistiques - réponses
Hint Réponse % Correct
Psg - Chelsea 2-1
87%
Real Madrid - Psg 1-0
86%
Manchester City - Psg 1-0
85%
Psg - Malmo 2-0
85%
Psg - Real Madrid 0-0
83%
Chelsea - Psg 1-2
83%
Psg - Manchester City 2-2
83%
Chakhtar Donetsk - Psg 0-3
80%
Malmo - Psg 0-5
77%
Psg - Chakhtar Donetsk 2-0
77%
Aucun quiz correspondant
Distribution des résultats
% des personnes avec chaque résultat
Percentile par nombre de réponses
Votre historique - résultats
Vous n’avez pas pris ce quiz